Perception of quality and marketing consequences

Gespeichert in:
Bibliographische Detailangaben
1. Verfasser: Strhan, Rastislav, 1968-
Format: Buchkapitel
Sprache:Englisch
Tags: Tag hinzufügen
Keine Tags, Fügen Sie das erste Tag hinzu!

MARC

LEADER 00000naa$a2200000$$$4500
001 0222290
005 20240502083551.1
041 0 |a eng 
044 |a BG 
245 1 0 |a Perception of quality and marketing consequences  |c Rastislav Strhan 
500 |a Abstrakt 
100 1 |a Strhan, Rastislav, 1968-